LIBRARY & INFORMATION CENTRE, KCAET, TAVANUR

ONLINE PUBLIC ACCESS CATALOGUE (OPAC)

Marubhoomi / (Record no. 604)

MARC details
000 -LEADER
fixed length control field 00465cam a2200181ua 4500
041 ## - LANGUAGE CODE
Language code of text/sound track or separate title mal
082 ## - DEWEY DECIMAL CLASSIFICATION NUMBER
Classification number 894.8121
Item number ONV/MA
100 ## - MAIN ENTRY--AUTHOR NAME
Personal name Kurup, O N V.
245 ## - TITLE STATEMENT
Title Marubhoomi /
260 ## - PUBLICATION, DISTRIBUTION, ETC. (IMPRINT)
Place of publication Ernakulam :
Name of publisher Prabhatham printing and publishing co. pvt. ltd. ,
Year of publication 1959.
300 ## - PHYSICAL DESCRIPTION
Number of Pages 42 ; .
650 ## - SUBJECT ADDED ENTRY--TOPICAL TERM
Topical Term Poems - Malayalam
942 ## - ADDED ENTRY ELEMENTS (KOHA)
Koha item type Books
Holdings
Withdrawn status Lost status Damaged status Home library Current library Date acquired Full call number Accession Number Koha item type Public note
Withdrawn     KAUAET KAUAET 07/04/2012 894.8121 203 Books Deleted
free website counter